Invariance of modules under automorphisms of their envelopes and covers / (Record no. 53029)

MARC details
000 -LEADER
fixed length control field 00613nam a2200205Ia 4500
005 - DATE AND TIME OF LATEST TRANSACTION
control field 20260429112230.0
008 - FIXED-LENGTH DATA ELEMENTS--GENERAL INFORMATION
fixed length control field 260429s9999||||xx |||||||||||||| ||und||
020 ## - INTERNATIONAL STANDARD BOOK NUMBER
International Standard Book Number 9781108949538
041 ## - LANGUAGE CODE
Language English
082 ## - DEWEY DECIMAL CLASSIFICATION NUMBER
Classification number 510
Item number SRI
100 ## - MAIN ENTRY--PERSONAL NAME
Personal name Srivastava, Ashish K.
245 #0 - TITLE STATEMENT
Title Invariance of modules under automorphisms of their envelopes and covers /
Statement of responsibility, etc Ashish K. Srivastava
260 ## - PUBLICATION, DISTRIBUTION, ETC. (IMPRINT)
Place of publication, distribution, etc Cambridge :
Name of publisher, distributor, etc Cambridge University Press,
Date of publication, distribution, etc 2021.
300 ## - PHYSICAL DESCRIPTION
Extent ix, 223 p.; pbk
650 ## - SUBJECT ADDED ENTRY--TOPICAL TERM
Topical term or geographic name as entry element Invariance
650 ## - SUBJECT ADDED ENTRY--TOPICAL TERM
Topical term or geographic name as entry element Mathematics
700 ## - ADDED ENTRY--PERSONAL NAME
Personal name Guil Asensio, Pedro A.
700 ## - ADDED ENTRY--PERSONAL NAME
Personal name Tuganbaev, Askar
942 ## - ADDED ENTRY ELEMENTS (KOHA)
Koha item type Text Books
Holdings
Withdrawn status Lost status Damaged status Not for loan Collection code Home library Location Shelving location Date of Cataloging Source of acquisition Total Checkouts Full call number Barcode Date last seen Price effective from Koha item type
        Non-fiction CUTN Central Library CUTN Central Library Sciences 29/04/2026 Sri Mariyamman Stores, Virudhunagar - Invoice No. SMS-CCR/2025-26/349 on 11-02-2026   510 SRI 58188 29/04/2026 29/04/2026 Text Books